Normal view
MARC view
Entry Personal Name
001 - CONTROL NUMBER
- control field: 2252
003 - CONTROL NUMBER IDENTIFIER
- control field: OSt
005 - DATE AND TIME OF LATEST TRANSACTION
- control field: 20211028141353.0
008 - FIXED-LENGTH DATA ELEMENTS
- fixed length control field: 211028|| aca||aabn | a|a d
040 ## - CATALOGING SOURCE
- Original cataloging agency: OSt
- Transcribing agency: OSt
100 ## - HEADING--PERSONAL NAME
- Personal name: Thomas, Shalby;Gunaseelan, A.
- Miscellaneous information: 92178
670 ## - SOURCE DATA FOUND
- Source citation: Work cat.: (OSt): Thomas, Shalby;Gunaseelan, A. 92178, Asset management and device maintenace, 2003